000 00486nam a2200157 i 4500
001 70974
003 ES-MaACL
005 20230906171001.0
007 t|
008 040804s1919 sp ||||1| spa d
100 1 _aGascón y Marín, José.
_955866
245 1 0 _aDerecho Administrativo Nacional
_b: resumen ordenado por materias /
_cpor José Gascón y Marín.
260 _aMadrid :
_b[s.n.,
_c1919] (
_fC. Bermejo)
300 _a287 p. ;
_c19 cm.
852 _aES-MaACL
_jA-5129
_bR.18040
999 _c70974
_d70974